Statistiche per XIX Legislatura: Senatori di Forza Italia

Clicka qui per fare il quiz!

Statistiche generali

  • Questo quiz è stato fatto 25 volte
  • Il punteggio medio è 8 su 21

Statistiche sulle risposte

SenatoreNote% Corretto
Silvio BerlusconiDeceduto il 12.06.2023
92%
Licia Ronzulli
67%
Mario Occhiuto
58%
Anna Maria Bernini
50%
Gianfranco MiccichéDimesso il 18.01.2023 (eletto deputato in Sicilia)
50%
Maria Elisabetta Alberti Casellati
50%
Alberto Barachini
42%
Daniela TernulloSubentra il 18.01.2023
42%
Maurizio Gasparri
42%
Paolo Zangrillo
42%
Stefania Craxi
42%
Adriano GallianiSubentra il 23.10.2023
33%
Dario Damiani
33%
Pierantonio Zanettin
33%
Raffaele De RosaDal 21.02.2024 (precedentemente nel M5S)
33%
Claudio Fazzone
25%
Francesco Paolo Sisto
17%
Roberto Rosso
17%
Adriano Paroli
8%
Claudio Lolito
8%
Francesco Silvestro
8%

Distribuzione punteggi

Percentile per numero di risposta

Percentuale di utenti per punteggio

I tuoi punteggi nel tempo

Non hai fatto questo quiz